000 00528nam a2200169Ia 4500
008 090711s9999 xx 000 0 und d
082 _b879
100 _aपाटील शालिनी
245 _aअभिनेत्री
260 _bशांती पब्लिकेशन्स
_c1997
300 _a144
600 _aपाटील शालिनी
630 _aअभिनेत्री
700 _aपाटील शालिनी
730 _aअभिनेत्री
942 _cBOOK
999 _c324389
_d324389